00000000nam##2200000za#4500
0019.681603
003CaOODSP
00520241126135514
007ta
008150407|2002||||xxc|||||     f|0| 0 fre|d
020 |a0-660-96585-2
040 |aCaOODSP|bfre
043 |an-cn---
0861 |aS2-211/2002F
1101 |aCanada. |bPatrimoine canadien.
24510|aLes symboles du Canada
260 |aOttawa - Ontario : |bPatrimoine canadien |c2002.
300 |a59p. : |bill. en couleur ; |c28 cm. + |e1 affiche.
500 |aSaviez-vous que le terme «Canada» vient du mot «kanata» qui désignait un «village» dans la langue des Hurons ou des Iroquois? Connaissez-vous les symboles provinciaux et territoriaux depuis le macareux moine (perroquet de mer) de Terre-Neuve jusqu'au tartan du Yukon? L'édition révisée de la brochure Les symboles du Canada présente l'historique de notre pays, de notre peuple, de notre environnement et de notre histoire grâce aux symboles auxquels nous nous identifions. Le peuple et l'histoire du Canada sont aussi diversifiés que notre majestueux pays. Nos symboles célèbrent nos différences tout en nous ralliant dans l'unité et la fierté. Tous les symboles sont représentés en couleurs et sont accompagnés d'explications sur leur sens et leur origine. Parmi les symboles nationaux, provinciaux et territoriaux présentés, vous trouverez les suivants : Drapeau National, hymnes, médailles sportives, monnaie, timbres, animaux, origine provinciale ou territoriale d'un nom, histoire, armoirie, devise, drapeau, emblème floral et autres symboles provinciaux (tartan, arbre, oiseau et autres). De plus, Les symboles du Canada comprend également des sections détaillées sur le Canada et la Couronne, le Commonwealth, la Francophonie, les drapeaux historiques et les frontières historiques. La brochure Les symboles du Canada est une ressource idéale ou un outil pédagogique. Elle est accompagnée d'une affiche murale en couleurs de 61 cm sur 80 cm, de suggestions d'activités pour la classe et de fiches de progression. De l'information fascinante dans un format amusant à lire et tout en couleurs contribue à créer une publication éducative, source de fierté chez tous les Canadiens, jeunes et vieux. Commandez Les symboles du Canada dès aujourd'hui et élargissez vos connaissances sur l'identité et la culture canadiennes.
563 |aCouverture souple
590 |a02-51|b2002-12-27
69107|aSymbole national|2gcpds
69107|aDrapeau|2gcpds
77508|tSymbols of Canada |w(CaOODSP)9.648303
7760#|tLes symboles du Canada.|w(CaOODSP)9.945594